[Event "Sigeman & Co 05th"]
[Site "Malmo"]
[Date "1997.06.12"]
[Round "3"]
[White "Hellers, Ferdinand"]
[Black "Hansen, Curt"]
[Result "1-0"]
[WhiteElo "2585"]
[BlackElo "2605"]
[Annotator "Baburin"]
[PlyCount "49"]
[EventDate "1997.06.10"]
[Source "ChessBase"]
[SourceDate "1997.09.29"]

1. e4 {Petursson} 1... e6 2. d4 d5 3. Nc3 Bb4 4. e5 c5 5. a3 Bxc3+ 6. bxc3 Qc7
7. Nf3 Ne7 8. a4 h6 9. Bd3 b6 10. O-O Ba6 11. Bxa6 Nxa6 12. Qd3 (12. Qe2 {
Fritz 5.00 (100s)} 12... Nb8 13. a5 Qc6 (13... bxa5 14. Qb5+ Nd7 15. Qxa5 Qxa5
16. Rxa5 O-O 17. dxc5 Nc6 18. Ra6 Ncxe5 19. Nxe5 Nxe5 20. Bf4 Nc4 21. Bd6 Nxd6
22. cxd6 Rfd8 23. Rfa1 {
Nilsson,N-Christensen,S/Snekkersten 1979/MCD-r7/ -  (41)}) 14. Ba3 Nd7 15. Rfb1
O-O 16. Qb5 Rfc8 17. Qxc6 Nxc6 18. a6 cxd4 19. cxd4 Ndb8 20. Bd6 Na5 21. Bxb8
Raxb8 22. Ra2 Ra8 23. Kf1 Rc4 24. Ke1 24... Nc6 {
0-1 Iosif,C-Radu,E/Romania-W 1994/EXT 94}) 12... Nb8 13. Nh4 Nbc6 14. f4 O-O
15. Ba3 Na5 16. Rae1 Qc6 17. g4 Qxa4 18. Bc1 cxd4 19. f5 19... Rac8 $2 ({
In this extremely sharp position the text appears to be too ambitious; perhaps
Black should haveplayed} 19... dxc3 $5 $142 {instead. For example:} 20. Rf4 Nc4
21. f6 21... Nc6 $17) 20. Bxh6 $3 {A devastating blow! Such vicious attacks
often occur in the French Defence, when Black castles kingside.} (20. f6 {
Petursson} 20... Rxc3 21. fxe7 Re8 22. Qd1 22... Rxe7 $17) 20... gxh6 ({
Black had no time for his planned action - taking on c3 with the rook, as after
} 20... Rxc3 21. Qd2 {White's attack is unstoppable, for instance:} 21... Qxc2
(21... gxh6 22. Qxh6 Qxc2 23. Qg5+ Kh8 24. Qxe7 $18) (21... exf5 {Petursson}
22. Qg5 Ng6 23. Bxg7 Rfc8 24. Qh6 Qe8 25. gxf5 $18) 22. Qg5 Ng6 23. fxg6 $18)
21. f6 Nec6 ({Black cannot survive after} 21... Rfe8 {either, because of} 22.
Qd2 $1 22... dxc3 ({or} 22... Kh7 23. fxe7 Rxe7 24. Rf6 $18) 23. Qxh6 Qxg4+ 24.
Kh1 $18) 22. Qd2 $1 {The queen is going to have a rendezvous with the enemy's
monarch! The final destination is again the desirable h6-square.} 22... Kh7 {
The king is trying to save himself, but this position won't serve as an
example illustrating Steinitz' theory of the "active king"... Here the king
cannot look after himself all alone, which White proves brilliantly:} (22... d3
{Petursson} 23. h3 $18 {This does not change anything}) 23. Rf5 $1 23... dxc3 (
23... exf5 24. Nxf5 24... Kg8 25. Qxh6 {with unstoppable mate.}) 24. Qxh6+ $1
24... Kxh6 25. Rh5# {
The whole attack was conducted by GM Hellers very energetically.} 1-0

[Event "NED-ch52"]
[Site "Rotterdam"]
[Date "1997.06.24"]
[Round "4"]
[White "Nijboer, Friso"]
[Black "Nikolic, Predrag"]
[Result "0-1"]
[WhiteElo "2555"]
[BlackElo "2655"]
[Annotator "Atlas,V"]
[PlyCount "80"]
[EventDate "1997.06.21"]
[Source "ChessBase"]
[SourceDate "1997.09.29"]

1. e4 1... e6 2. d4 d5 3. Nc3 Bb4 4. e5 c5 5. a3 Bxc3+ 6. bxc3 6... Qa5 $5 {
A rare move, gaining the popularity in the modern practice.} 7. Bd2 Qa4 8. Qb1
c4 9. h4 $5 ({An interesting alternative to} 9. Nh3 9... Nc6 10. Be2 (10. g3
Bd7 11. Nf4 O-O-O 12. Bh3 (12. h4 $5 {Kruppa,Y} 12... f6 13. Bh3 Re8 (13...
fxe5 14. Nxe6 Bxe6 15. Bxe6+ Kb8 16. dxe5 Re8 17. Bxg8 Nxe5 18. Bxd5 Qd7 19.
Qxb7+ Qxb7 20. Bxb7 Kxb7 21. O-O-O $16) 14. exf6 Nxf6 15. O-O Ne4 16. Qd1 $16)
12... h5 13. Qd1 h4 14. g4 f6 15. O-O Nge7 16. exf6 gxf6 17. g5 Rdg8 18. Nxe6
b6 19. Kh1 fxg5 20. Bg4 Nd8 21. Nxg5 Kb7 22. Rg1 Ka6 23. Be3 Bxg4 24. Rxg4
24... Rf8 $132 { -  Kruppa,Y-Krivoshey,S/Nikolaev (zt) 1995 (41)}) 10... Bd7 (
10... f6 {Golubev,M} 11. f4 $5 (11. exf6 Nxf6)) 11. O-O O-O-O 12. Nf4 f6 13.
Bg4 f5 14. Be2 Nge7 15. h4 g6 16. Nh3 h6 17. Qc1 17... Ng8 {
Golubev,M-Koutsin,S/Nikolaev (zt) 1995} (17... Ng8 {Golubev,M} 18. g4 $1 18...
Nce7 19. Rb1 $16)) 9... Nc6 10. h5 h6 11. Ne2 Nge7 12. Qc1 (12. g4 {
Ng3 deserved here serious attention.}) 12... Bd7 13. g3 $6 {
13.g4 was more natural continuation in this position.} 13... O-O-O 14. Bh3 Kb8
15. Be3 Ka8 16. Qd2 Rc8 17. g4 Nb8 18. Ng3 (18. O-O Rc6 19. Rfb1 {
Rb4 was a preferable choice in this postion.}) 18... Rc6 19. O-O Rb6 20. f4 g6
21. Kh2 a6 22. Rf2 Nbc6 23. f5 $2 {A dubious decision. It is very difficult
for White to improve his position without this thematic advancement, but in
this situation it was much better to wait with active operations on the
kingside.  After the text move White gets an unpleasant position.} 23... exf5
24. gxf5 Bxf5 25. Bxf5 Nxf5 26. Nxf5 gxf5 27. Rxf5 27... Nd8 {
Planning knight transfer to e6 and opening way for the queen.} 28. Bf2 Qd7 29.
Qf4 Ne6 30. Qg4 Qa4 31. Qd1 31... Ng5 $1 32. Be3 32... Ne4 {Now the consequence
s of White's unfortunate operation on move 23 are quite evident: White's
forces are totally discoordinated, the black knight dominates over the white
bishop, White's queenside pawns are terribly weak.} 33. Rxf7 Rb2 34. Rc1 Nxc3
35. Qf3 Ka7 36. e6 Re8 37. Rf8 $2 {
A mistake in a difficult position. Better was 37.e7.} 37... Rxe6 38. Qg3 Re8
39. Bxh6 Rxc2+ 40. Rxc2 Qxc2+ (40... Qxc2+ 41. Rf2 (41. Kh3 Ne4 (41... Rxf8 42.
Bxf8 Qf5+)) 41... Re2 $19) 0-1

[Event "Recklinghausen"]
[Site "Recklinghausen"]
[Date "1997.??.??"]
[Round "1"]
[White "Mainka, Romuald"]
[Black "Hoefker, Mathias"]
[Result "1-0"]
[WhiteElo "2520"]
[BlackElo "2270"]
[Annotator "Atlas,V"]
[PlyCount "45"]
[EventDate "1997.07.??"]
[Source "ChessBase"]
[SourceDate "1997.11.04"]

1. e4 e6 2. d4 d5 3. Nc3 Bb4 4. e5 c5 5. Bd2 Ne7 6. dxc5 Nbc6 7. Qg4 O-O 8. Nf3
8... Bxc5 $2 ({A dubious move. The standard} 8... f5 {leads to a complex play:}
9. Qh4 (9. exf6 Rxf6 10. O-O-O e5 11. Qh5 g6 12. Qg5 Rf5 13. Qg3 Bxc5 14. Bg5
Qb6 15. Nxd5 Nxd5 16. Rxd5 Bxf2 17. Bc4 Be6 18. Qh3 Bxd5 19. Bxd5+ Kh8 20. Qxf5
{1-0 Movsesian,S-Jurek,J/Mlada Boleslav op 1995/EXT 95op}) 9... Ng6 10. Qh3
Ngxe5 11. Nxe5 Nxe5 12. Qe3 Nc6 13. Na4 Qa5 14. b3 f4 15. Qd3 Ne5 16. Qd4 Bxd2+
17. Qxd2 Qc7 18. Qd4 18... Bd7 $36 {
0-1 Popovych,O-Mednis,E/USA-ch New York 1972/MCD-ch (50)}) 9. Na4 $1 ({
An important improvement over} 9. Bd3 9... Ng6 10. Qh5 { -  Spiriev,P-Kastek,T/
Budapest Noviki-D 1987/TD 87\06  Exchanging the dark-squared bishop, White
obtains a large positional advantage.}) 9... Bb6 10. Nxb6 Qxb6 11. O-O-O $1 {
Intending 12.Bd3 followed by the march of the h-pawn.} 11... f6 12. exf6 Rxf6
13. Qh5 13... Rf5 $2 {Another imprecision. Better was13...Bd7.} 14. Ng5 h6 15.
Bd3 $1 15... hxg5 (15... Rf6 $4 16. Qe8+ Rf8 17. Bh7+ $18) 16. Bxf5 Nxf5 17. g4
$1 {Initiating the second wave of attack.} 17... Nd6 18. h4 $1 {
A thematic advancement, including the rook into attack.} 18... Bd7 19. hxg5 {
White is threatening 20.g6 followed by Qh8.} 19... Nc4 20. Bc3 d4 21. g6 $1 {
The final blow.} 21... Kf8 22. Qh8+ Ke7 23. Qxg7+ ({Black resigned in view of} 
23. Qxg7+ 23... Kd8 (23... Kd6 24. Bxd4) 24. Rh8+ Kc7 25. Rxa8 {
An impressive miniature!}) 1-0

[Event "Dortmund 25th"]
[Site "Dortmund"]
[Date "1997.07.13"]
[Round "9"]
[White "Topalov, Veselin"]
[Black "Jussupow, Artur"]
[Result "1-0"]
[WhiteElo "2745"]
[BlackElo "2640"]
[Annotator "Atlas,V"]
[PlyCount "149"]
[EventDate "1997.07.04"]
[Source "ChessBase"]
[SourceDate "1997.09.29"]

1. e4 1... e6 2. d4 d5 3. Nc3 Bb4 4. e5 Ne7 5. a3 Bxc3+ 6. bxc3 c5 7. Qg4 O-O
8. Bd3 f5 9. exf6 Rxf6 10. Bg5 Rf7 11. Qh5 g6 12. Qd1 Qa5 ({
In a recent game Artur opted for} 12... Nbc6 13. Nf3 Qf8 (13... c4 14. Be2 Bd7
15. h4 Qa5 16. Qd2 Nf5 17. Ne5 Nxe5 18. dxe5 d4 19. Bf6 dxc3 20. Qf4 Qc7 21.
Qxc4 Qxc4 22. Bxc4 Rc8 23. Ba2 h6 24. h5 g5 25. O-O-O Re8 26. g4 Ng7 27. Rh3
Ref8 28. Rxc3 Bc6 29. Bc4 Rxf6 30. exf6 Rxf6 31. Rd8+ Kf7 32. Bb5 Rf3 33. Rdd3
Rxd3 34. Bxd3 Ne8 35. Bg6+ {1-0 Komarov,D-Naumkin,I/Porto San Giorgio 1996})
14. O-O c4 15. Be2 h6 16. Bh4 Nf5 17. Bg3 g5 18. Qd2 {
Timman,J-Yusupov,A/Novgorod 1995}) 13. Bd2 Nbc6 14. Nf3 c4 15. Be2 Bd7 16. O-O
16... Kg7 $6 ({An interesting concept, which was, however, refuted byTopalov
in this game. The popular alternative is} 16... Nf5 17. Qc1 Raf8 18. a4 Nd6 19.
Ng5 Rf6 20. Qa3 Nxd4 21. cxd4 Qxd2 22. Qxd6 Bc8 23. Bxc4 Qxg5 24. Bd3 Qf4 25.
Qc5 25... b6 { -  Vehi Bach,V-Alvarez Ibarra,D/San Sebastian op 1994}) 17. Qc1
$1 {Forcing 17...Ng8 and preparing bishop transfer to the b8-h2 diagonal.}
17... Ng8 18. Bf4 Raf8 (18... Qxc3 $4 {loses immediately after} 19. Bd2 {
Black sacrifices the exchange hoping to get sufficient compensation. It seems
the most reasonable decision. Otherwise after 19.Ne5 (or 19.Be5) White has a
huge advantage.}) 19. Bd6 Qxc3 20. a4 $1 ({The strongest reply. After} 20.
Bxf8+ $6 20... Rxf8 { d4, Black gets good counterplay. In the presence of the
dark-squared bishop the d4 pawn is indirectly protected. The text move creates
the threat of 21.a5 followed by 22.Ra3.}) 20... Nf6 {Threatening Nd4.} 21. Rd1
Ne4 ({After} 21... Rd8 {the black queen is in the trouble:} 22. a5 $1 22... Nb4
23. Ra3 $1 23... Qxc2 24. Bxb4 Qxe2 25. Re1 $18) 22. Ra3 Qa5 23. Bxf8+ Rxf8 24.
c3 {Essential move, preventing 24...c3 and fixing White's advnatage.} 24... Qb6
25. Re1 Nd6 26. Bd1 Rf6 27. Ra2 Nf7 28. Qa3 Na5 29. Ne5 Nxe5 30. Rxe5 Qd8 31.
Re3 {Black clearly did not obtain sufficient compensation for the exchange.
Yet, White needs to finds the effiicient way to convert his advantage.} 31...
Qf8 32. Qc1 {Queen exchange would be in Black's favor.} 32... Nb3 33. Qb1 Na5
34. h3 b6 35. Bg4 Qd6 36. Qe1 {Aiming at e6 pawn.} 36... Nc6 37. h4 Nd8 38. g3
Nf7 39. Rae2 39... Nd8 {Black managed to protect his weakest e6 pawn, but
White has other resources for imporving his position.} 40. Qa1 Nc6 41. Rf3 $1 {
Rook exchange increases White's attacking chances and yields him more freedom
for aggressive actions.} 41... Rxf3 42. Bxf3 Nd8 43. Bg4 Nf7 44. Re1 Kf6 45.
Qc1 Ke7 46. h5 $1 46... Kf6 (46... g5 {fails to} 47. Qc2 h6 48. Qg6 {
, and the white queen penetrates the kingside.}) 47. hxg6 hxg6 48. Kg2 Kg7 49.
Bd1 Qe7 50. Bc2 Qg5 51. Qd1 Nh6 52. Qe2 Qf6 53. Rh1 Be8 54. f4 54... g5 {
Otherwise after 55.Qf3 followed by g4 Black's position is unbearable.} 55. Rf1
$1 55... Bf7 56. fxg5 Qxg5 57. Rf4 Bg8 58. Qe3 Kh8 59. Qc1 $1 {Excellent maneuv
er, allowing White to transfer his queen to the diagonal a3-f8. The white
queen's invasion into the Black's kingside decides the game.} 59... Kg7 (59...
Qe7 $4 {loses after} 60. Rh4) 60. Qa3 Bf7 61. Qd6 Ng4 62. Kf3 $1 62... Nf6 63.
Qe7 Qh5+ 64. Ke3 Qg5 65. Ke2 a6 66. Kd1 $1 {The final subtlety. Transferring
his king to the queenside, White develops irresistible attack.} 66... Qh5+ 67.
Kc1 Ng8 68. Qc7 b5 69. axb5 axb5 70. g4 Qh1+ 71. Kb2 71... Nh6 72. Qe5+ Kg8 73.
Qg5+ Kf8 74. Qd8+ Kg7 75. Qf6+ {In view of 76.g5 Black resigned.} 1-0

[Event "Bad Homburg"]
[Site "Bad Homburg"]
[Date "1997.08.01"]
[Round "7"]
[White "Hracek, Zbynek"]
[Black "Kindermann, Stefan"]
[Result "1/2-1/2"]
[WhiteElo "2605"]
[BlackElo "2570"]
[Annotator "Atlas,V"]
[PlyCount "55"]
[EventDate "1997.07.26"]
[Source "ChessBase"]
[SourceDate "1997.09.29"]

1. e4 1... e6 2. d4 d5 3. Nc3 Bb4 4. e5 c5 5. a3 Bxc3+ 6. bxc3 Ne7 7. Qg4 O-O
8. Bd3 f5 9. exf6 Rxf6 10. Bg5 Rf7 11. Qh5 g6 12. Qd1 Qa5 13. Bd2 Nbc6 14. Nf3
14... Qc7 $5 {A good alternative to the standard 14...c4:} (14... c4 15. Be2
Bd7 16. O-O Kg7 (16... Nf5 17. Qc1 Raf8 18. a4 Nd6 19. Ng5 Rf6 20. Qa3 Nxd4 21.
cxd4 Qxd2 22. Qxd6 Bc8 23. Bxc4 Qxg5 24. Bd3 Qf4 25. Qc5 25... b6 {
-  Vehi Bach,V-Alvarez Ibarra,D/San Sebastian op 1994}) 17. Qc1 Ng8 18. Bf4
Raf8 19. Bd6 Qxc3 20. a4 $1 $16 {1-0 Topalov,V-Jussupow,A/Dortmund 1997 (74) 
 Black  aims at 15...e6-e5, keeping the tension between the d4 and c5 pawns.})
15. O-O (15. Ng5 Rf6 16. f4 {fails here to} 16... cxd4) (15. Qe2 $4 {
loses after} 15... c4) 15... e5 16. Ng5 Rf8 17. c4 ({The seemingly powerful} 
17. Nxh7 {falls short after} 17... Kxh7 (17... e4 $5 18. Nxf8 exd3 19. Bh6 Nf5)
18. Qh5+ Kg8 19. Bxg6 Nxg6 20. Qxg6+ Qg7) 17... exd4 18. Re1 (18. cxd5 {
does not yield White anything in view of} 18... Ne5) 18... Bf5 19. cxd5 Nxd5 ({
Now} 19... Ne5 $4 {loses after} 20. Bf4) 20. Bc4 Rad8 21. Qf3 Qd6 (21... Qd7 {
was worth considering.}) 22. Qb3 b6 23. Ne4 Bxe4 (23... Qd7 $5 24. Bg5 $140
24... Bxe4 25. Bxd8 Na5) 24. Rxe4 Na5 25. Bxa5 bxa5 26. Rb1 Kg7 27. Qh3 Rd7 28.
Rbe1 1/2-1/2

[Event "Bad Homburg"]
[Site "Bad Homburg"]
[Date "1997.08.03"]
[Round "9"]
[White "Sutovsky, Emil"]
[Black "Kindermann, Stefan"]
[Result "1/2-1/2"]
[WhiteElo "2590"]
[BlackElo "2570"]
[Annotator "Atlas,V"]
[PlyCount "42"]
[EventDate "1997.07.26"]
[Source "ChessBase"]
[SourceDate "1997.09.29"]

1. e4 1... e6 2. d4 d5 3. Nc3 Bb4 4. e5 c5 5. a3 Bxc3+ 6. bxc3 Ne7 7. Qg4 O-O
8. Bd3 f5 9. exf6 Rxf6 10. Bg5 Rf7 11. Qh5 g6 12. Qd1 Nbc6 13. Nf3 Qf8 (13...
c4 14. Be2 Bd7 15. h4 Qa5 16. Qd2 Nf5 17. Ne5 Nxe5 18. dxe5 d4 19. Bf6 dxc3 20.
Qf4 Qc7 21. Qxc4 Qxc4 22. Bxc4 Rc8 23. Ba2 h6 24. h5 g5 25. O-O-O Re8 26. g4
Ng7 27. Rh3 Ref8 28. Rxc3 Bc6 29. Bc4 Rxf6 30. exf6 Rxf6 31. Rd8+ Kf7 32. Bb5
Rf3 33. Rdd3 Rxd3 34. Bxd3 Ne8 35. Bg6+ {
1-0 Komarov,D-Naumkin,I/Porto San Giorgio 1996}) 14. O-O c4 15. Be2 h6 16. Bc1
{Leitet das Manoever Lg5-c1-a3-d6-e5 ein} ({A popular continuation. White is
preparing the set-up Bc1+ Qd2, reserving for his bishop the diagonal f8-a3.
The most popular alternative is 16.Be3. It is important to note that the
recent game  Hachian-Rychagov, Moscow 1996, saw an important novelty:} 16. Bd2
$1 16... Nf5 17. Qc1 17... g5 $2 {(a mistake, after which White obtains a
large advantage; essential was 17...Kh7)} 18. Ne5 $1 18... Nxe5 19. dxe5 Qc5
20. g4 $1 $16) (16. Bh4 Nf5 17. Bg3 g5 18. Qd2 Bd7 19. h4 Qe7 20. hxg5 Nxg3 21.
fxg3 hxg5 22. Qe3 Raf8 23. Nxg5 Rxf1+ 24. Bxf1 e5 25. dxe5 Qxe5 26. Qxe5 Nxe5
27. Be2 Bg4 28. Re1 Bxe2 29. Rxe2 Ng4 30. Re7 Rf5 31. Nf3 Rf7 32. Re8+ Rf8 33.
Re7 Rf7 34. Re8+ Rf8 35. Re7 {
-  Timman,J-Jussupow,A/Novgorod 1995/CBM 48/[Dolmatov]}) 16... Qg7 (16... Bd7
17. a4 Qg7 18. Ba3 g5 19. Rb1 19... b6 $14 {
occured in the game Lukin-Berelovich}) 17. Qd2 Kh7 (17... g5 {
can be effectively met by} 18. h4) 18. a4 {
Vacating a3-f8 diagonal for the bishop.} 18... Bd7 19. Ba3 g5 ({It would be a
mistake to try to prevent bishop's invastion to d6: 19...Nc8 is just too
passive, whereas} 19... Nf5 {fails to} 20. g4 Nfe7 21. Bd6 Raf8 22. Ne5 $1 $16
{ f4}) 20. Bd6 Nf5 ({Weaker is} 20... g4 21. Ne5 {
, and White is clearly better.}) 21. Be5 21... Qg6 {Now the threat is 21... g4,
forcing the white knight to retreat to a very unfortunate position on e1. 21.
g4 is too risky: after 21...Nfe7 black doubles his rooks along f-file, and his
pressure on White's kingside becomes dangerous. White could continue now 21.
Bg3 ( Ne5), and if  21...Ng3 22.hg3 , intending Rae1 and Bd1.  Black can reply
by 21...Qg7, preventing 22.Ne5 and it is unclear. whether White has anything
better than repeating moves.  } 1/2-1/2